00361 2200157 4500245003600000020001800036250001100054100001300065650001600078005001900094260003100113041001400144084000800158300002800166336000900194 aHeaven on EarthcKaka H YhText a978-780-465-8 aCet. 6 aKaka H Y aNovel Fiksi a20230110071124 aJakartabGagas Mediac2011 aIndonesia a813 aviii, 256 hlm. :c19 cm atext